[Event "Bogota Centro Comercial op 2nd"]
[Site "Bogota"]
[Date "2024.04.14"]
[Round "5"]
[White "Bechara Lopera, Jalil Antonio"]
[Black "Cortes Roman, Santiago"]
[Result "1-0"]
[WhiteElo "1777"]
[BlackElo "1555"]
[PlyCount "56"]
[EventDate "2024.04.14"]
[EventType "swiss"]
[EventRounds "7"]
[EventCountry "COL"]
[SourceTitle "CB16_2024"]
[SourceDate "2024.04.17"]
[SourceVersion "1"]
[SourceVersionDate "2024.04.17"]
[SourceQuality "1"]

1. c4 e5 2. Nc3 Nc6 3. g3 Nf6 4. Bg2 d6 5. Nf3 g6 6. 0-0 Bg7 7. d3 d5 8. cxd5 Nxd5 9. Nxe5 Nxc3 10. Nxc6 Qd6 11. bxc3 bxc6 12. Bf4 Qd7 13. Qa4 Bb7 14. Rab1 Rb8 15. Rxb7 0-0 16. Rxc7 Qe6 17. Rxc6 Qxe2 18. Bxb8 Rxb8 19. Qc4 h5 20. Bd5 Rf8 21. Rxg6 Kh7 22. Rxg7+ Kxg7 23. Qd4+ Kg8 24. Be4 Qg4 25. Qd5 h4 26. Qf5 Qg7 27. h3 hxg3 28. Qg4 gxf2+ 1-0

[Event "Bogota Centro Comercial op 2nd"]
[Site "Bogota"]
[Date "2024.04.14"]
[Round "7"]
[White "Moreno Poloche, Elkin Alexis"]
[Black "Cortes Roman, Santiago"]
[Result "1-0"]
[WhiteElo "1728"]
[BlackElo "1555"]
[PlyCount "145"]
[EventDate "2024.04.14"]
[EventType "swiss"]
[EventRounds "7"]
[EventCountry "COL"]
[SourceTitle "CB16_2024"]
[SourceDate "2024.04.17"]
[SourceVersion "1"]
[SourceVersionDate "2024.04.17"]
[SourceQuality "1"]

1. e4 e5 2. Nf3 Nc6 3. Bb5 a6 4. Ba4 Nf6 5. d3 b5 6. Bb3 Be7 7. a4 b4 8. a5 0-0 9. 0-0 d5 10. exd5 Nxd5 11. Re1 Bg4 12. h3 Bh5 13. g4 Bg6 14. Nxe5 Nxe5 15. Rxe5 c6 16. Bxd5 cxd5 17. Qf3 d4 18. Nd2 Bf6 19. Rd5 Qc7 20. Nc4 Qc6 21. Kg2 Rfe8 22. b3 h6 23. Bb2 Rad8 24. Rxd8 Qxf3+ 25. Kxf3 Rxd8 26. Re1 Kf8 27. Kg3 h5 28. f4 h4+ 29. Kf3 Re8 30. Rxe8+ Kxe8 31. g5 Be7 32. Bxd4 f6 33. gxf6 gxf6 34. Kg4 f5+ 35. Kf3 Bh5+ 36. Kf2 Kd7 37. Ne5+ Kd6 38. Nf3 Kd5 39. Bb6 Bf6 40. Ke3 Kc6 41. Nd4+ Kd5 42. Nxf5 Bd1 43. Bd4 Bd8 44. Kd2 Ke6 45. Ne3 Bh5 46. Nc4 Bc7 47. Ke3 Bd1 48. Kd2 Bh5 49. Be5 Bd8 50. c3 bxc3+ 51. Bxc3 Kf5 52. Ke3 Bd1 53. b4 Ba4 54. Nd6+ Ke6 55. Nb7 Bf6 56. Nc5+ Kf5 57. Nxa4 Bxc3 58. Nxc3 Ke6 59. Ke4 Kd6 60. f5 Ke7 61. Ke5 Kf7 62. f6 Kf8 63. Ke6 Ke8 64. d4 Kf8 65. d5 Ke8 66. d6 Kf8 67. d7 Kg8 68. d8Q+ Kh7 69. f7 Kg6 70. Qg8+ Kh6 71. f8Q+ Kh5 72. Qf5+ Kh6 73. Qf6+ 1-0